Bájny elixír života z ríše rastlín

Bibliographic Details
Main Author: Hocman, Gabriel (Author)
Format: Article
Language:Slovak
ISSN:1335-7883
Subjects:

MARC

LEADER 00000nab a2200000 ar4500
001 vtls008934195
003 SK-MaSNL
005 20260303070604.0
008 070110c2006 xo sr|p|||||||000 b|slo
015 |a SNBRB2007/01  |2 snkbucl 
038 |a SNKBUCL 
040 |a SNKBUCL  |b slo  |c SNKBUCL  |e AACR2 
041 0 |a slo 
044 |a xo  |c SK 
080 |a 615.322  |2 UDC-MRF-SK2 
080 |a 582.46  |2 UDC-MRF-SK2 
100 1 |a Hocman, Gabriel  |4 aut  |9 277196 
245 1 0 |a Bájny elixír života z ríše rastlín  |c Gabriel Hocman 
650 0 7 |a gingo dvojlaločné  |2 snkbucl  |9 1068215 
650 0 7 |a rastlinné extrakty  |2 snkbucl  |9 1068216 
650 0 7 |a terapeutické použitie  |2 snkbucl  |9 839823 
773 0 |t Verejná správa  |g Roč. 61, č. 25-26 (2006), s. 46  |x 1335-7883 
852 |a SNK  |b KIS3GCP 
999 |c 1756028  |d 1757958